000 00716nas a22002057a 4500
008 130429t20109999ag ||||| |||| 00| 0 spa d
245 _aColeccion Acontecimientos Terapeuticos
260 _aBuenos Aires,
_bSociedad Iberoamericana de Informacion Cientifica:
_c2010
300 _av. :
440 _aTratamiento Antirretroviral del VIH/Sida
_92098
546 _aespaƱol
590 _aIndizada en: SIIC Data Bases
590 _aExistencias: 2010 (1,2)
650 _aVIH
_92095
650 _aVIH-TRATAMIENTO ANTIRRETROVIRAL
_92099
650 _aVIH-EFECTOS DE DROGAS
_92100
650 _aSINDROME DE INMUNODEFICIENCIA ADQUIRIDA
_92101
856 _uhttp://www.siicsalud.com/lmr/siicdatabases.php
942 _2ddc
_cCR
999 _c1357
_d1357